| 000 | 00731cam a2200253 a 4500 | ||
|---|---|---|---|
| 001 | 11819886 | ||
| 003 | OSt | ||
| 005 | 20161202175422.0 | ||
| 008 | 991026s2000 enka b 001 0 eng | ||
| 010 | _a 99055742 | ||
| 020 | _a0582356911 | ||
| 040 |
_aDLC _cDLC _dDLC |
||
| 050 | 0 | 0 |
_aQC174.12 _b.B74 2000 |
| 082 | 0 | 0 |
_a530.12 _221 _bBRA 2000 |
| 100 | 1 |
_aBransden, B. H.; Joachain C.J. _98379 |
|
| 245 | 1 | 0 | _aQuantum Mechanics |
| 250 | _a2nd ed. | ||
| 260 |
_aHarlow, England ; _bPrentice Hall, _c2000. |
||
| 300 |
_axiv, 803 p. : _bill. ; _c24 cm. |
||
| 504 | _aIncludes bibliographical references and index. | ||
| 650 | 0 |
_aQuantum theory. _94791 |
|
| 906 |
_a7 _bcbc _corignew _d1 _eocip _f19 _gy-gencatlg |
||
| 942 |
_2ddc _cSLOAN |
||
| 999 |
_c3814 _d3814 |
||